Teorías conspirativas - Estadísticas

Estadísticas generales
  • Esta prueba ha sido intentada 2.568 veces
  • La puntuación promedio es 6 de 15
Estadísticas de respuestas
Pista Respuesta % Correcto
La Tierra efectivamente tiene esta forma Plana
83%
Esta canción de Las Ketchup es satánica «Aserejé»
77%
Esta persona sobrevivió a la Segunda Guerra Mundial y huyó a Sudamérica Adolf Hitler
74%
Estos animales realmente son drones del gobierno Pájaros
61%
De hecho nadie ha pisado en este objeto La luna
59%
Esta sociedad secreta de inspiración masónica tiene un plan de dominar el mundo Los Illuminati
50%
Este presidente, elegido en 2023, es un neonazi Javier Milei
39%
Este país se inventó por Suecia y Japón para traficar con pescado Finlandia
36%
Cuando estas cosas se fabrican por Bill Gates, nos implantan la nanotecnología Vacunas
35%
Hay varias ideas sobre qué ocurrió en este evento de 2004 en Madrid 11M
34%
Este bajista desapareció y por lo tanto tenía un doble Paul McCartney
14%
Los aviones emiten agentes químicos preligrosas en el aire Quimioestelas
14%
La palabra que hace referencia a cómo la RFEF y La Liga favorecen al FC Barcelona Villarato
11%
Esta red de pederastia y ritos satánicos es culpable del caso de Alcàsser Bar España
7%
En este proyecto, unos élites globales establecerán un Nuevo Orden Mundial B{lue} B{eam}
4%
No se encontraron pruebas coincidentes
Distribución de puntuación
Porcentaje de gente con cada puntuación
Porcentaje por número respondido
Historial de tus puntuaciones
No has intentado esta prueba.